000 00335nam a22001457a 4500
020 _a978-81-7409-047-9
041 _aENG
100 _a Garg.S.K
245 _aIrrigation Engineering And Hydraulic Structures
250 _a35 th Edition
260 _aDelhi
_bKhanna Publishers
_c2019
300 _a1132
650 _aIDE
856 _uIDE
999 _c71
_d71